Standards for physicians conducting conferences in child-health centers. (Record no. 35801)
[ view plain ]
| 000 -LEADER | |
|---|---|
| fixed length control field | 01059cam a22002651 4500 |
| 001 - CONTROL NUMBER | |
| control field | l 26000021 |
| 003 - CONTROL NUMBER IDENTIFIER | |
| control field | DLC |
| 005 - DATE AND TIME OF LATEST TRANSACTION | |
| control field | 20260227111530.0 |
| 008 - FIXED-LENGTH DATA ELEMENTS--GENERAL INFORMATION | |
| fixed length control field | 800424s1926 dcuak f000 0 eng c |
| 010 ## - LIBRARY OF CONGRESS CONTROL NUMBER | |
| LC control number | l 26000021 |
| 035 ## - SYSTEM CONTROL NUMBER | |
| System control number | (OCoLC)6238983 |
| 040 ## - CATALOGING SOURCE | |
| Original cataloging agency | Library, U.S. Dept. of Labor |
| Transcribing agency | OCl |
| Modifying agency | DLC |
| 042 ## - AUTHENTICATION CODE | |
| Authentication code | premarc |
| 050 00 - LIBRARY OF CONGRESS CALL NUMBER | |
| Classification number | HV741 |
| Item number | .A32 no. 154 |
| 110 1# - MAIN ENTRY--CORPORATE NAME | |
| Corporate name or jurisdiction name as entry element | United States. |
| Subordinate unit | Children's Bureau. |
| -- | Committee on standards for physicians conducting conferences in child-health centers. |
| 245 10 - TITLE STATEMENT | |
| Title | Standards for physicians conducting conferences in child-health centers. |
| 260 ## - PUBLICATION, DISTRIBUTION, ETC. | |
| Place of publication, distribution, etc. | Washington, |
| Name of publisher, distributor, etc. | Govt. print. off., |
| Date of publication, distribution, etc. | 1926. |
| 300 ## - PHYSICAL DESCRIPTION | |
| Extent | iii, 11 p. |
| Other physical details | illus., fold. forms. |
| Dimensions | 23 cm. |
| 490 0# - SERIES STATEMENT | |
| Series statement | Bureau publication |
| Volume/sequential designation | no. 154 |
| 500 ## - GENERAL NOTE | |
| General note | At head of title: U.S. Department of labor. James J. Davis, secretary. Children's bureau. Grace Abbott, chief. |
| 500 ## - GENERAL NOTE | |
| General note | Prepared by Dr. Richard Smith and others. |
| 650 #0 - SUBJECT ADDED ENTRY--TOPICAL TERM | |
| Topical term or geographic name entry element | Child care. |
| 700 1# - ADDED ENTRY--PERSONAL NAME | |
| Personal name | Smith, Richard M. |
| Fuller form of name | (Richard Mason), |
| Dates associated with a name | 1881- |
| 710 1# - ADDED ENTRY--CORPORATE NAME | |
| Corporate name or jurisdiction name as entry element | United States. |
| Subordinate unit | Children's Bureau. |
No items available.